<?xml version="1.0" encoding="UTF-8"?>
<collection xmlns="http://www.loc.gov/MARC21/slim">
 <record>
  <leader>05510nas a22006011  4500</leader>
  <controlfield tag="001">1/50292</controlfield>
  <controlfield tag="008">020517c199 9999gr buzp       0   g0gre d</controlfield>
  <datafield tag="022" ind1=" " ind2=" ">
   <subfield code="a">1108-9024</subfield>
  </datafield>
  <datafield tag="035" ind1=" " ind2=" ">
   <subfield code="l">23740</subfield>
  </datafield>
  <datafield tag="040" ind1=" " ind2=" ">
   <subfield code="a">GR-PeUP</subfield>
  </datafield>
  <datafield tag="090" ind1=" " ind2=" ">
   <subfield code="a">Αλφαβητική σειρά</subfield>
  </datafield>
  <datafield tag="245" ind1="0" ind2="0">
   <subfield code="a">Eco-Q</subfield>
  </datafield>
  <datafield tag="260" ind1=" " ind2=" ">
   <subfield code="a">Αθήνα :</subfield>
   <subfield code="b">Αγάλου Ευάγγελος,</subfield>
   <subfield code="c">[199-]</subfield>
  </datafield>
  <datafield tag="300" ind1=" " ind2=" ">
   <subfield code="a">τ. :</subfield>
   <subfield code="b">εικ. ;</subfield>
   <subfield code="c">29 εκ.</subfield>
  </datafield>
  <datafield tag="310" ind1=" " ind2=" ">
   <subfield code="a">Διμηνιαίο</subfield>
  </datafield>
  <datafield tag="362" ind1="0" ind2=" ">
   <subfield code="a">Τχ. 16 (Μάϊος-Ιούν. 1999) - τχ. 36 (Νοέμ.-Δεκ. 2002)</subfield>
  </datafield>
  <datafield tag="362" ind1="0" ind2=" ">
   <subfield code="a">Τχ. 38 ( Μάρτ.-Απρίλ. 2003)</subfield>
  </datafield>
  <datafield tag="546" ind1=" " ind2=" ">
   <subfield code="a">Ελληνική</subfield>
  </datafield>
  <datafield tag="650" ind1=" " ind2="4">
   <subfield code="a">Ποιοτικός έλεγχος</subfield>
   <subfield code="v">Περιοδικά.</subfield>
  </datafield>
  <datafield tag="852" ind1=" " ind2=" ">
   <subfield code="a">INST</subfield>
   <subfield code="b">UNIPILB</subfield>
   <subfield code="c">SERIALS</subfield>
   <subfield code="e">20041213</subfield>
   <subfield code="h">Αλφαβητική σειρά</subfield>
   <subfield code="p">38359</subfield>
   <subfield code="q">38359</subfield>
   <subfield code="t">NOLOAN</subfield>
   <subfield code="v">τεύχ.38:(Μήνες)Μάρ./Απρ.;(Έτος)2003</subfield>
   <subfield code="y">23</subfield>
  </datafield>
  <datafield tag="852" ind1=" " ind2=" ">
   <subfield code="a">INST</subfield>
   <subfield code="b">UNIPILB</subfield>
   <subfield code="c">SERIALS</subfield>
   <subfield code="e">20041213</subfield>
   <subfield code="h">Αλφαβητική σειρά</subfield>
   <subfield code="p">38360</subfield>
   <subfield code="q">38360</subfield>
   <subfield code="t">NOLOAN</subfield>
   <subfield code="v">τεύχ.39:(Μήνες)Μάιος/Ιούν.;(Έτος)2003</subfield>
   <subfield code="y">23</subfield>
  </datafield>
  <datafield tag="852" ind1=" " ind2=" ">
   <subfield code="a">INST</subfield>
   <subfield code="b">UNIPILB</subfield>
   <subfield code="c">SERIALS</subfield>
   <subfield code="e">20041213</subfield>
   <subfield code="h">Αλφαβητική σειρά</subfield>
   <subfield code="p">38361</subfield>
   <subfield code="q">38361</subfield>
   <subfield code="t">NOLOAN</subfield>
   <subfield code="v">τεύχ.40:(Μήνες)Ιούλ./Αύγ.;(Έτος)2003</subfield>
   <subfield code="y">23</subfield>
  </datafield>
  <datafield tag="852" ind1=" " ind2=" ">
   <subfield code="a">INST</subfield>
   <subfield code="b">UNIPILB</subfield>
   <subfield code="c">SERIALS</subfield>
   <subfield code="e">20041213</subfield>
   <subfield code="h">Αλφαβητική σειρά</subfield>
   <subfield code="p">38362</subfield>
   <subfield code="q">38362</subfield>
   <subfield code="t">NOLOAN</subfield>
   <subfield code="v">τεύχ.41:(Μήνες)Σεπ./Οκτ.;(Έτος)2003</subfield>
   <subfield code="y">23</subfield>
  </datafield>
  <datafield tag="852" ind1=" " ind2=" ">
   <subfield code="a">INST</subfield>
   <subfield code="b">UNIPILB</subfield>
   <subfield code="c">SERIALS</subfield>
   <subfield code="e">20041213</subfield>
   <subfield code="h">Αλφαβητική σειρά</subfield>
   <subfield code="p">38363</subfield>
   <subfield code="q">38363</subfield>
   <subfield code="t">NOLOAN</subfield>
   <subfield code="v">τεύχ.42:(Μήνες)Νοέμ./Δεκ.;(Έτος)2003</subfield>
   <subfield code="y">23</subfield>
  </datafield>
  <datafield tag="852" ind1=" " ind2=" ">
   <subfield code="a">INST</subfield>
   <subfield code="b">UNIPILB</subfield>
   <subfield code="c">SERIALS</subfield>
   <subfield code="e">20041213</subfield>
   <subfield code="h">Αλφαβητική σειρά</subfield>
   <subfield code="p">38364</subfield>
   <subfield code="q">38364</subfield>
   <subfield code="t">NOLOAN</subfield>
   <subfield code="v">τεύχ.44:(Μήνες)Μάρ./Απρ.;(Έτος)2004</subfield>
   <subfield code="y">23</subfield>
  </datafield>
  <datafield tag="852" ind1=" " ind2=" ">
   <subfield code="a">INST</subfield>
   <subfield code="b">UNIPILB</subfield>
   <subfield code="c">SERIALS</subfield>
   <subfield code="e">20041213</subfield>
   <subfield code="h">Αλφαβητική σειρά</subfield>
   <subfield code="p">38365</subfield>
   <subfield code="q">38365</subfield>
   <subfield code="t">NOLOAN</subfield>
   <subfield code="v">τεύχ.45:(Μήνες)Μάιος/Ιούν.;(Έτος)2004</subfield>
   <subfield code="y">23</subfield>
  </datafield>
  <datafield tag="852" ind1=" " ind2=" ">
   <subfield code="a">INST</subfield>
   <subfield code="b">UNIPILB</subfield>
   <subfield code="c">SERIALS</subfield>
   <subfield code="e">20041213</subfield>
   <subfield code="h">Αλφαβητική σειρά</subfield>
   <subfield code="p">38366</subfield>
   <subfield code="q">38366</subfield>
   <subfield code="t">NOLOAN</subfield>
   <subfield code="v">τεύχ.46:(Μήνες)Ιούλ./Αύγ.;(Έτος)2004</subfield>
   <subfield code="y">23</subfield>
  </datafield>
  <datafield tag="852" ind1=" " ind2=" ">
   <subfield code="a">INST</subfield>
   <subfield code="b">UNIPILB</subfield>
   <subfield code="c">SERIALS</subfield>
   <subfield code="e">20041213</subfield>
   <subfield code="h">Αλφαβητική σειρά</subfield>
   <subfield code="p">38367</subfield>
   <subfield code="q">38367</subfield>
   <subfield code="t">NOLOAN</subfield>
   <subfield code="v">τεύχ.47:(Μήνες)Σεπ./Οκτ.;(Έτος)2004</subfield>
   <subfield code="y">23</subfield>
  </datafield>
  <datafield tag="852" ind1=" " ind2=" ">
   <subfield code="a">INST</subfield>
   <subfield code="b">UNIPILB</subfield>
   <subfield code="c">SERIALS</subfield>
   <subfield code="e">20050120</subfield>
   <subfield code="h">Αλφαβητική σειρά</subfield>
   <subfield code="p">39078</subfield>
   <subfield code="q">39078</subfield>
   <subfield code="t">NOLOAN</subfield>
   <subfield code="v">τεύχ.48:(Μήνες)Νοέμ./Δεκ.;(Έτος)2004</subfield>
   <subfield code="y">23</subfield>
  </datafield>
  <datafield tag="852" ind1=" " ind2=" ">
   <subfield code="a">INST</subfield>
   <subfield code="b">UNIPILB</subfield>
   <subfield code="c">SERIALS</subfield>
   <subfield code="e">20050322</subfield>
   <subfield code="h">Αλφαβητική σειρά</subfield>
   <subfield code="p">41558</subfield>
   <subfield code="q">41558</subfield>
   <subfield code="t">NOLOAN</subfield>
   <subfield code="v">τεύχ.49:(Μήνες)Ιαν./Φεβ.;(Έτος)2005</subfield>
   <subfield code="y">23</subfield>
  </datafield>
  <datafield tag="852" ind1=" " ind2=" ">
   <subfield code="a">INST</subfield>
   <subfield code="b">UNIPILB</subfield>
   <subfield code="c">SERIALS</subfield>
   <subfield code="e">20050328</subfield>
   <subfield code="h">Αλφαβητική σειρά</subfield>
   <subfield code="p">41682</subfield>
   <subfield code="q">41682</subfield>
   <subfield code="t">NOLOAN</subfield>
   <subfield code="v">τεύχ.43:(Μήνες)Ιαν./Φεβ.;(Έτος)2004</subfield>
   <subfield code="y">23</subfield>
  </datafield>
  <datafield tag="852" ind1=" " ind2=" ">
   <subfield code="a">INST</subfield>
   <subfield code="b">UNIPILB</subfield>
   <subfield code="c">SERIALS</subfield>
   <subfield code="e">20050422</subfield>
   <subfield code="h">Αλφαβητική σειρά</subfield>
   <subfield code="p">42735</subfield>
   <subfield code="q">42735</subfield>
   <subfield code="t">NOLOAN</subfield>
   <subfield code="v">τεύχ.50:(Μήνες)Μάρ./Απρ.;(Έτος)2005</subfield>
   <subfield code="y">23</subfield>
  </datafield>
  <datafield tag="852" ind1=" " ind2=" ">
   <subfield code="a">INST</subfield>
   <subfield code="b">UNIPILB</subfield>
   <subfield code="c">SERIALS</subfield>
   <subfield code="e">20050824</subfield>
   <subfield code="h">Αλφαβητική σειρά</subfield>
   <subfield code="p">45419</subfield>
   <subfield code="q">45419</subfield>
   <subfield code="t">NOLOAN</subfield>
   <subfield code="v">τεύχ.51:(Μήνες)Μάιος/Ιούν.;(Έτος)2005</subfield>
   <subfield code="y">23</subfield>
  </datafield>
  <datafield tag="852" ind1=" " ind2=" ">
   <subfield code="a">INST</subfield>
   <subfield code="b">UNIPILB</subfield>
   <subfield code="c">SERIALS</subfield>
   <subfield code="e">20051025</subfield>
   <subfield code="h">Αλφαβητική σειρά</subfield>
   <subfield code="p">47956</subfield>
   <subfield code="q">47956</subfield>
   <subfield code="t">NOLOAN</subfield>
   <subfield code="v">τεύχ.52:(Μήνες)Ιούλ./Αύγ.;(Έτος)2005</subfield>
   <subfield code="y">23</subfield>
  </datafield>
  <datafield tag="852" ind1=" " ind2=" ">
   <subfield code="a">INST</subfield>
   <subfield code="b">UNIPILB</subfield>
   <subfield code="c">SERIALS</subfield>
   <subfield code="e">20051122</subfield>
   <subfield code="h">Αλφαβητική σειρά</subfield>
   <subfield code="p">48683</subfield>
   <subfield code="q">48683</subfield>
   <subfield code="t">NOLOAN</subfield>
   <subfield code="v">τεύχ.53:(Μήνες)Σεπ./Οκτ.;(Έτος)2005</subfield>
   <subfield code="y">23</subfield>
  </datafield>
  <datafield tag="852" ind1=" " ind2=" ">
   <subfield code="a">INST</subfield>
   <subfield code="b">UNIPILB</subfield>
   <subfield code="c">SERIALS</subfield>
   <subfield code="e">20060116</subfield>
   <subfield code="h">Αλφαβητική σειρά</subfield>
   <subfield code="p">49597</subfield>
   <subfield code="q">49597</subfield>
   <subfield code="t">NOLOAN</subfield>
   <subfield code="v">τεύχ.54:(Μήνες)Νοέμ./Δεκ.;(Έτος)2005</subfield>
   <subfield code="y">23</subfield>
  </datafield>
  <datafield tag="852" ind1=" " ind2=" ">
   <subfield code="a">INST</subfield>
   <subfield code="b">UNIPILB</subfield>
   <subfield code="c">SERIALS</subfield>
   <subfield code="e">20060322</subfield>
   <subfield code="h">Αλφαβητική σειρά</subfield>
   <subfield code="p">50964</subfield>
   <subfield code="q">50964</subfield>
   <subfield code="t">NOLOAN</subfield>
   <subfield code="v">τεύχ.55:(Μήνες)Ιαν./Φεβ.;(Έτος)2006</subfield>
   <subfield code="y">23</subfield>
  </datafield>
  <datafield tag="852" ind1=" " ind2=" ">
   <subfield code="a">INST</subfield>
   <subfield code="b">UNIPILB</subfield>
   <subfield code="c">SERIALS</subfield>
   <subfield code="e">20060516</subfield>
   <subfield code="h">Αλφαβητική σειρά</subfield>
   <subfield code="p">51492</subfield>
   <subfield code="q">51492</subfield>
   <subfield code="t">NOLOAN</subfield>
   <subfield code="v">τεύχ.56:(Μήνες)Μάρ./Απρ.;(Έτος)2006</subfield>
   <subfield code="y">23</subfield>
  </datafield>
  <datafield tag="852" ind1=" " ind2=" ">
   <subfield code="a">INST</subfield>
   <subfield code="b">UNIPILB</subfield>
   <subfield code="c">SERIALS</subfield>
   <subfield code="e">20060704</subfield>
   <subfield code="h">Αλφαβητική σειρά</subfield>
   <subfield code="p">51736</subfield>
   <subfield code="q">51736</subfield>
   <subfield code="t">NOLOAN</subfield>
   <subfield code="v">τεύχ.57:(Μήνες)Μάϊος/Ιούν.;(Έτος)2006</subfield>
   <subfield code="y">23</subfield>
  </datafield>
  <datafield tag="852" ind1=" " ind2=" ">
   <subfield code="a">INST</subfield>
   <subfield code="b">UNIPILB</subfield>
   <subfield code="c">SERIALS</subfield>
   <subfield code="e">20061012</subfield>
   <subfield code="h">Αλφαβητική σειρά</subfield>
   <subfield code="p">53057</subfield>
   <subfield code="q">53057</subfield>
   <subfield code="t">NOLOAN</subfield>
   <subfield code="v">τεύχ.58:(Μήνες)Ιούλ./Αύγ.;(Έτος)2006</subfield>
   <subfield code="y">23</subfield>
  </datafield>
  <datafield tag="852" ind1=" " ind2=" ">
   <subfield code="a">INST</subfield>
   <subfield code="b">UNIPILB</subfield>
   <subfield code="c">SERIALS</subfield>
   <subfield code="e">20070109</subfield>
   <subfield code="h">Αλφαβητική σειρά</subfield>
   <subfield code="p">54018</subfield>
   <subfield code="q">54018</subfield>
   <subfield code="t">NOLOAN</subfield>
   <subfield code="v">τεύχ.59:(Μήνες)Σεπ./Οκτ.;(Έτος)2006</subfield>
   <subfield code="y">23</subfield>
  </datafield>
  <datafield tag="852" ind1=" " ind2=" ">
   <subfield code="a">INST</subfield>
   <subfield code="b">UNIPILB</subfield>
   <subfield code="c">SERIALS</subfield>
   <subfield code="e">20070315</subfield>
   <subfield code="h">Αλφαβητική σειρά</subfield>
   <subfield code="p">54976</subfield>
   <subfield code="q">54976</subfield>
   <subfield code="t">NOLOAN</subfield>
   <subfield code="v">τεύχ.60:(Μήνες)Νοέμ./Δεκ.;(Έτος)2006</subfield>
   <subfield code="y">23</subfield>
  </datafield>
  <datafield tag="852" ind1=" " ind2=" ">
   <subfield code="a">INST</subfield>
   <subfield code="b">UNIPILB</subfield>
   <subfield code="c">SERIALS</subfield>
   <subfield code="e">20070823</subfield>
   <subfield code="h">Αλφαβητική σειρά</subfield>
   <subfield code="p">56494</subfield>
   <subfield code="q">56494</subfield>
   <subfield code="t">NOLOAN</subfield>
   <subfield code="v">τεύχ.61:(Μήνες)Ιαν./Φεβ.;(Έτος)2007</subfield>
   <subfield code="y">23</subfield>
  </datafield>
  <datafield tag="852" ind1=" " ind2=" ">
   <subfield code="a">INST</subfield>
   <subfield code="b">UNIPILB</subfield>
   <subfield code="c">SERIALS</subfield>
   <subfield code="e">20071126</subfield>
   <subfield code="h">Αλφαβητική σειρά</subfield>
   <subfield code="p">58544</subfield>
   <subfield code="q">58544</subfield>
   <subfield code="t">NOLOAN</subfield>
   <subfield code="v">τεύχ.62:(Μήνες)Μάρ./Απρ.;(Έτος)2007</subfield>
   <subfield code="y">23</subfield>
  </datafield>
  <datafield tag="900" ind1=" " ind2=" ">
   <subfield code="a">Τχ. 64 (Ιούλ./Αύγ. 2007)</subfield>
   <subfield code="b">Οφειλόμενο</subfield>
   <subfield code="c">24/07/2009</subfield>
  </datafield>
  <datafield tag="900" ind1=" " ind2=" ">
   <subfield code="a">Τχ. 37 (Ιαν./Φεβ. 2003)</subfield>
   <subfield code="b">Οφειλόμενο</subfield>
   <subfield code="c">13/12/2004</subfield>
  </datafield>
  <datafield tag="900" ind1=" " ind2=" ">
   <subfield code="a">Τχ. 63 (Μάιος/Ιούν. 2007)</subfield>
   <subfield code="b">Οφειλόμενο</subfield>
   <subfield code="c">05/02/2008</subfield>
  </datafield>
  <datafield tag="950" ind1=" " ind2=" ">
   <subfield code="a">01/01/2003</subfield>
   <subfield code="c">ΑΓΝΩΣΤΟΣ</subfield>
   <subfield code="d">14</subfield>
  </datafield>
  <datafield tag="951" ind1=" " ind2=" ">
   <subfield code="a">Τχ. 58 (Ιούλ./Αύγ. 2006) - Τχ. 62 (Μάρ./Απρ. 2007)</subfield>
   <subfield code="b">Main run</subfield>
  </datafield>
  <datafield tag="951" ind1=" " ind2=" ">
   <subfield code="a">Τχ.16(Μάιος-Ιουν. 1999) -  (τχ.36(Νοεμ.-Δεκ. 2002)</subfield>
   <subfield code="b">Main run</subfield>
  </datafield>
  <datafield tag="951" ind1=" " ind2=" ">
   <subfield code="a">Τχ. 38 (Μάρ./Απρ. 2003) - Τχ. 56 (Μάρ./Απρ. 2006)</subfield>
   <subfield code="b">Main run</subfield>
  </datafield>
  <datafield tag="951" ind1=" " ind2=" ">
   <subfield code="a">Τχ. 57  (Μάϊος/Ιούν. 2006)</subfield>
   <subfield code="b">Main run</subfield>
  </datafield>
  <datafield tag="952" ind1=" " ind2=" ">
   <subfield code="a">(14,15,17,19)1999,(22,23)2000,(30)2001</subfield>
  </datafield>
 </record>
</collection>
